<?xml version="1.0" encoding="UTF-8"?><marc:collection xmlns:marc="http://www.loc.gov/MARC21/slim">
  <marc:record>
    <marc:leader>00000nam##2200000za#4500</marc:leader>
    <marc:controlfield tag="001">9.683163</marc:controlfield>
    <marc:controlfield tag="003">CaOODSP</marc:controlfield>
    <marc:controlfield tag="005">20210615133355</marc:controlfield>
    <marc:controlfield tag="007">ta</marc:controlfield>
    <marc:controlfield tag="008">150407|2006||||xxc|||||     f|0| 0 fre|d</marc:controlfield>
    <marc:datafield tag="020" ind1=" " ind2=" ">
      <marc:subfield code="a">0-660-97116-X</marc:subfield>
    </marc:datafield>
    <marc:datafield tag="040" ind1=" " ind2=" ">
      <marc:subfield code="a">CaOODSP</marc:subfield>
      <marc:subfield code="b">fre</marc:subfield>
    </marc:datafield>
    <marc:datafield tag="043" ind1=" " ind2=" ">
      <marc:subfield code="a">n-cn---</marc:subfield>
    </marc:datafield>
    <marc:datafield tag="086" ind1="1" ind2=" ">
      <marc:subfield code="a">A52-72/2006F</marc:subfield>
    </marc:datafield>
    <marc:datafield tag="110" ind1="1" ind2=" ">
      <marc:subfield code="a">Canada. </marc:subfield>
      <marc:subfield code="b">Agriculture et agroalimentaire Canada. </marc:subfield>
      <marc:subfield code="b">Direction générale de la recherche.</marc:subfield>
    </marc:datafield>
    <marc:datafield tag="245" ind1="1" ind2="0">
      <marc:subfield code="a">Les potentilles frutescentes / </marc:subfield>
      <marc:subfield code="c">[par] Claude Richer et Marie-Hélène Croisetière. </marc:subfield>
    </marc:datafield>
    <marc:datafield tag="260" ind1=" " ind2=" ">
      <marc:subfield code="a">Saint-Jean-sur-Richelieu - Québec : </marc:subfield>
      <marc:subfield code="b">Agriculture et Agroalimentaire Canada. </marc:subfield>
      <marc:subfield code="c">2006.</marc:subfield>
    </marc:datafield>
    <marc:datafield tag="300" ind1=" " ind2=" ">
      <marc:subfield code="a">42p. : </marc:subfield>
      <marc:subfield code="b">photographies ; </marc:subfield>
      <marc:subfield code="c">14 cm.</marc:subfield>
    </marc:datafield>
    <marc:datafield tag="520" ind1="3" ind2=" ">
      <marc:subfield code="a">Ce guide à l’intention des jardiniers décrit 25 cultivars de potentilles frutescentes que l’on retrouve au Canada. Chaque cultivar, classé selon la couleur de sa fleur, est présenté selon son nom scientifique et son appellation courante. On précise pour chacun les autres noms utilisés, l’année d’introduction au Canada, la zone de rusticité, le port, la hauteur et la largeur, les fleurs, le feuillage, la période de floraison, la zone géographique de production ainsi que d’autres détails d’intérêt. Chaque cultivar présenté est accompagné d’une photo en couleur. Le guide comprend une brève section sur les pratiques de culture des potentilles frutescentes.</marc:subfield>
    </marc:datafield>
    <marc:datafield tag="563" ind1=" " ind2=" ">
      <marc:subfield code="a">Couverture souple</marc:subfield>
    </marc:datafield>
    <marc:datafield tag="590" ind1=" " ind2=" ">
      <marc:subfield code="a">06-42</marc:subfield>
      <marc:subfield code="b">2006-10-20</marc:subfield>
    </marc:datafield>
    <marc:datafield tag="775" ind1="0" ind2="8">
      <marc:subfield code="t">Shrubby cinquefoil / </marc:subfield>
      <marc:subfield code="w">(CaOODSP)9.650037</marc:subfield>
    </marc:datafield>
    <marc:datafield tag="776" ind1="0" ind2="#">
      <marc:subfield code="t">Les potentilles frutescentes / </marc:subfield>
      <marc:subfield code="w">(CaOODSP)9.644223</marc:subfield>
    </marc:datafield>
    <marc:datafield tag="986" ind1=" " ind2=" ">
      <marc:subfield code="a">AAC, Publication 10108F</marc:subfield>
    </marc:datafield>
  </marc:record>
</marc:collection>
